| 000 | 01654cam a2200409 a 4500 | ||
|---|---|---|---|
| 001 | fadeheat00bran | ||
| 003 | CaSfIA | ||
| 005 | 20210118082356.0 | ||
| 007 | cr|||| | ||
| 008 | 900125s1990 nyu 000 1 eng | ||
| 010 | _a 90006798 | ||
| 040 |
_aDLC _cDLC _dOCL _dBTCTA _dBAKER _dYDXCP _dCaSfIA |
||
| 019 | _a22098277 | ||
| 020 |
_a0671702602 : _c$18.95 ($24.95 Can.) |
||
| 020 | _a9780671702601 | ||
| 035 |
_a(OCoLC)21037691 _z(OCoLC)22098277 |
||
| 043 | _an-us-tx | ||
| 050 | 0 | 0 |
_aPS3552.R315 _bF3 1990 |
| 082 | 0 | 0 |
_a823/.914 _220 |
| 100 | 1 | _aBrandon, Jay. | |
| 245 | 1 | 0 |
_aFade the heat / _h[electronic resource] _cJay Brandon. |
| 260 |
_aNew York : _bPocket Books, _cc1990. |
||
| 300 |
_a342 p. ; _c25 cm. |
||
| 530 | _aAlso issued online. | ||
| 650 | 0 |
_aTrials (Rape) _vFiction. |
|
| 651 | 0 |
_aSan Antonio (Tex.) _vFiction. |
|
| 655 | 7 |
_aLegal stories. _2gsafd |
|
| 655 | 7 |
_aMystery fiction. _2gsafd |
|
| 776 | 0 | 8 |
_iOnline version: _aBrandon, Jay. _tFade the heat. _dNew York : Pocket Books, c1990 _w(OCoLC)644070380 |
| 856 | 4 | 1 |
_uhttp://www.archive.org/details/fadeheat00bran _zFree eBook from the Internet Archive |
| 856 | 4 | 2 |
_uhttp://www.openlibrary.org/books/OL1854993M _zAdditional information and access via Open Library |
| 029 | 1 |
_aNZ1 _b3963640 |
|
| 029 | 1 |
_aAU@ _b000007051281 |
|
| 942 | _cEB | ||
| 506 | _fНеобхідна авторизація на https://archive.org/ (створення облікового запису безкоштовно) | ||
| 506 | _fНеобхідна авторизація на https://openlibrary.org/ (створення облікового запису безкоштовно) | ||
| 999 |
_c494937 _d494937 |
||